General biology and philosophy of organism /

Bibliographic Details
Main Author: Lillie, Ralph S. (Ralph Stayner), 1875-
Format: Book
Language:English
Published: Chicago, Ill. : University of Chicago press, [1945]
Subjects:

MARC

Tag First Indicator Second Indicator Subfields
LEADER 00000cam a2200000 4500
001 in00000044153
005 20151007071008.0
008 721030s1945 ilu b 00010 eng u
010 |a a 45005288  
035 |a (OCoLC)00479292 
035 |9 AAE5115AM 
040 |c KSU  |d TXA  |d UtOrBLW 
049 |a TXAM  |c [137827] 
050 0 0 |a QH331  |b .L54 
092 |a 574.01  |b L729g 
100 1 |a Lillie, Ralph S.  |q (Ralph Stayner),  |d 1875- 
245 1 0 |a General biology and philosophy of organism /  |c by Ralph Stayner Lillie. 
264 1 |a Chicago, Ill. :  |b University of Chicago press,  |c [1945] 
300 |a 215 pages ;  |c 23 cm. 
336 |a text  |b txt  |2 rdacontent 
337 |a unmediated  |b n  |2 rdamedia 
338 |a volume  |b nc  |2 rdacarrier 
504 |a Bibliographical foot-notes. 
650 0 |a Biology. 
650 0 |a Biology  |x Philosophy. 
999 |a MARS 
999 f f |s 31c5d053-3c41-3d52-86ed-184e2ff74f3f  |i df7306e6-cfed-3a57-90f1-4f904dab28c0  |t 0 
952 f f |p ric  |a Texas A&M University  |b Rellis Campus  |c Joint Library Facility  |d Remote Storage  |t 0  |e QH331 .L54  |h Library of Congress classification  |i unmediated -- volume  |m A14800971567 
998 f f |a QH331 .L54  |t 0  |l Remote Storage